000 00575nam a2200217Ia 4500
003 OSt
005 20220924121927.0
006 a|||||r|||| 00| 0
007 ta
008 220923b |||||||| |||| 00| 0 ben d
024 _a287166
037 _cTextual
040 _aARTS
_cARTS
_bben
041 _2ben
_aben
082 _a255, 157K3
100 _aBhattacharya K.
_9187667
245 0 _aBishay shrionam
260 _aKolkata
_bBangiya Shahitya Parishad India
_c1963
942 _h255, 157K3
_cTEXL
_2CC
999 _c409522
_d409522